Statystyki dla Piłkarska kariera Lothara Matthausa.

Kliknij tutaj aby rozwiązać quiz!

Ogólne statystyki

  • Ten quiz został rozwiązany 28 razy
  • Średni wynik to 3 z 6

Statystyki odpowiedzi

LataDrużyna% Poprawnych
1984-1988Bayern
100%
1992-2000Bayern
100%
1988-1992Inter
54%
1979-1984Borussia Monchengladbach
12%
1978-1979Herzogenaurach
4%
2000-2001MetroStars
4%

Rozkład punktacji

Percentyl według liczby udzielonych odpowiedzi

Procent ludzi z każdym wynikiem

Twoja historia wyników

Nie rozwiązałeś tego quizu